[Event "Belgrade-ch"]
[Site "Belgrade"]
[Date "2009.01.27"]
[Round "4"]
[White "Penev, Ivan"]
[Black "Nenezic, Zoran"]
[Result "1-0"]
[WhiteElo "2041"]
[BlackElo "1872"]
[PlyCount "91"]
[EventDate "2009.01.24"]
[EventType "swiss"]
[EventRounds "9"]
[EventCountry "YUG"]
[SourceTitle "CBM 128 Extra"]
[Source "ChessBase"]
[SourceDate "2009.03.05"]
[SourceVersion "2"]
[SourceVersionDate "2009.03.25"]
[SourceQuality "1"]

1. e4 Nf6 2. e5 Nd5 3. c4 Nb6 4. d4 d6 5. f4 dxe5 6. fxe5 Nc6 7. Be3 Bf5 8. Nc3 e6 9. a3 a5 10. Nf3 Be7 11. d5 exd5 12. cxd5 Nb8 13. Nd4 Bd7 14. Bd3 0-0 15. 0-0 Bc5 16. Rf4 c6 17. Bxh7+ Kxh7 18. Qh5+ Kg8 19. Rh4 Qxh4 20. Qxh4 Nxd5 21. Nxd5 cxd5 22. Qg3 Nc6 23. Nf5 Bxe3+ 24. Nxe3 Be6 25. Rf1 Rfe8 26. h4 d4 27. Nf5 Bxf5 28. Rxf5 Re6 29. Rg5 g6 30. h5 Kg7 31. hxg6 fxg6 32. Qb3 Rae8 33. Qxb7+ R8e7 34. Qb5 Nxe5 35. Qxa5 Kf6 36. Qd2 d3 37. Rxe5 Rxe5 38. Qxd3 Re3 39. Qd4+ Kf5 40. Kf2 R3e4 41. Qd5+ Kg4 42. Qd3 Rf4+ 43. Kg1 Rfe4 44. a4 g5 45. Qf3+ Kh4 46. Qh3# 1-0

[Event "Belgrade Spring op"]
[Site "Belgrade"]
[Date "2008.04.01"]
[Round "8"]
[White "Penev, Ivan"]
[Black "Rodic, Dragan"]
[Result "0-1"]
[WhiteElo "2024"]
[BlackElo "2143"]
[PlyCount "87"]
[EventDate "2008.03.25"]
[EventType "swiss"]
[EventRounds "9"]
[EventCountry "YUG"]
[SourceTitle "CBM 123 Extra"]
[Source "ChessBase"]
[SourceDate "2008.05.06"]
[SourceVersion "1"]
[SourceVersionDate "2008.05.06"]
[SourceQuality "1"]

1. e4 c5 2. Nf3 Nc6 3. c4 g6 4. Nc3 Bg7 5. d3 d6 6. h3 a6 7. Bd2 e6 8. Qc1 h6 9. Rb1 Bd7 10. a3 Nd4 11. b4 Qc7 12. Nxd4 cxd4 13. Ne2 Ne7 14. Qb2 e5 15. g3 0-0 16. Bg2 f5 17. f4 fxe4 18. Bxe4 Bc6 19. Qc2 Rac8 20. Bxc6 Qxc6 21. 0-0 b5 22. Rbc1 bxc4 23. Qxc4+ Qxc4 24. Rxc4 Rxc4 25. dxc4 Rc8 26. fxe5 dxe5 27. c5 e4 28. Nf4 g5 29. Nh5 e3 30. Nxg7 Kxg7 31. Bc1 e2 32. Re1 d3 33. Kf2 Nd5 34. Bd2 Kf6 35. Rc1 Ke5 36. a4 Kd4 37. c6 Rf8+ 38. Kg1 Ne3 39. c7 Rf1+ 40. Kh2 Rxc1 41. Bxc1 e1Q 42. Bxe3+ Kxe3 43. c8Q Qe2+ 44. Kh1 0-1

[Event "Belgrade Spring op"]
[Site "Belgrade"]
[Date "2008.03.28"]
[Round "4"]
[White "Starcevic, Goran"]
[Black "Penev, Ivan"]
[Result "0-1"]
[WhiteElo "2236"]
[BlackElo "2024"]
[PlyCount "46"]
[EventDate "2008.03.25"]
[EventType "swiss"]
[EventRounds "9"]
[EventCountry "YUG"]
[SourceTitle "CBM 123 Extra"]
[Source "ChessBase"]
[SourceDate "2008.05.06"]
[SourceVersion "1"]
[SourceVersionDate "2008.05.06"]
[SourceQuality "1"]

1. e4 e5 2. Nf3 Nc6 3. Bb5 Nge7 4. Nc3 g6 5. d4 exd4 6. Nd5 Bg7 7. Bg5 h6 8. Bf6 Kf8 9. Bxg7+ Kxg7 10. Nxd4 Nxd5 11. exd5 Re8+ 12. Ne2 a6 13. Ba4 Qh4 14. c3 Ne5 15. 0-0 b5 16. Bc2 d6 17. Ng3 f5 18. h3 f4 19. Qd4 Bxh3 20. gxh3 Qxh3 21. Qxf4 Rf8 22. Bf5 gxf5 23. f3 Nd3 0-1

[Event "Belgrade Spring op"]
[Site "Belgrade"]
[Date "2008.03.26"]
[Round "2"]
[White "Nestorovic, Lazar"]
[Black "Penev, Ivan"]
[Result "1/2-1/2"]
[WhiteElo "2234"]
[BlackElo "2024"]
[PlyCount "58"]
[EventDate "2008.03.25"]
[EventType "swiss"]
[EventRounds "9"]
[EventCountry "YUG"]
[SourceTitle "CBM 123 Extra"]
[Source "ChessBase"]
[SourceDate "2008.05.06"]
[SourceVersion "1"]
[SourceVersionDate "2008.05.06"]
[SourceQuality "1"]

1. e4 e5 2. Nf3 Nc6 3. Bb5 Nge7 4. c3 g6 5. d4 exd4 6. cxd4 d5 7. exd5 Qxd5 8. Nc3 Qh5 9. d5 Bg7 10. 0-0 Bxc3 11. bxc3 Qxd5 12. Qxd5 Nxd5 13. Ba3 Nf4 14. Ne5 a6 15. Bxc6+ bxc6 16. Nxc6 Nxg2 17. Rad1 Bh3 18. Rd4 f6 19. Rfd1 g5 20. Rd8+ Kf7 21. R1d7+ Kg6 22. Rxh8 Rxh8 23. Rxc7 Nf4 24. f3 Nd5 25. Ne7+ Nxe7 26. Bxe7 Rc8 27. Rxc8 Bxc8 28. Kf2 Kf5 29. Ke3 Ke5 1/2-1/2